00504nam a2200157 i 4500001000300000100002700003245006700030260002100097040000800118041000800126942000700134008004100141999001700182856009800199952004900297bg1 aKOŁACZKOWSKI, Andrzej 0aSamorzutny rozkład saletry amonowej /cAndrzej Kołaczkowski. aWrocław,c1980. cBPK apol cKS s pl f |000 0 pol  c19308d19308 uhttp://koha.tu.koszalin.pl/cgi-bin/koha/opac-detail.pl?biblionumber=19308yKatalog online BPK 00104070aBPKbBPKcwo27134p01654073yKS